Algebra superior y Cálculo / (Record no. 73719)

MARC details
000 -LEADER
campo de control de longitud fija 00668nam a2200181 i 4500
001 - NÚMERO DE CONTROL
campo de control 73719
003 - IDENTIFICADOR DE NÚMERO DE CONTROL
campo de control ES-MaACL
007 - CAMPO FIJO DE DESCRIPCIÓN FÍSICA--INFORMACIÓN GENERAL
campo de control de longitud fija t|
008 - DATOS DE LONGITUD FIJA--INFORMACIÓN GENERAL
campo de control de longitud fija 040910s1967 mx ||||1| spa d
100 1# - ENTRADA PRINCIPAL--NOMBRE DE PERSONA
Nombre de persona Gondin, William R.
9 (RLIN) 58233
245 10 - MENCIÓN DEL TÍTULO
Título Algebra superior y Cálculo /
Mención de responsabilidad, etc. simplificados por William R. Gondin ; con prácticas, ejercicios y respuestas por Bernard Sohmer ; [traducción Cuauthémoc Salazar Rangel].
250 ## - MENCION DE EDICION
Mención de edición [3ª ed.].
260 ## - PUBLICACIÓN, DISTRIBUCIÓN, ETC.
Lugar de publicación, distribución, etc. México :
Nombre del editor, distribuidor, etc. Compañía General de Ediciones,
Fecha de publicación, distribución, etc. 1967.
300 ## - DESCRIPCIÓN FÍSICA
Extensión 223 p. :
Otras características físicas il. ;
Dimensiones 27 cm.
700 1# - ENTRADA AGREGADA--NOMBRE PERSONAL
Nombre de persona Sohmer, Bernard.
9 (RLIN) 107026
700 1# - ENTRADA AGREGADA--NOMBRE PERSONAL
Nombre de persona Salazar Rangel, Cuauthémoc.
9 (RLIN) 101828
852 ## - LOCALIZACIÓN
Ubicación ES-MaACL
Número de control de estantería E-9198
Sublocalización o colección R.93529
Holdings
Estatus retirado Estado de pérdida Estado de daño No para préstamo Biblioteca de origen Biblioteca actual Ubicación en estantería Fecha de adquisición Fuente de adquisición Total de préstamos Signatura topográfica completa Código de barras Visto por última vez Precio de reemplazo Tipo de ítem Koha
        Biblioteca del Ateneo de Madrid Biblioteca del Ateneo de Madrid Depósito 2 17/01/2008     E-9198 1077162 23/02/2023 23/02/2023 Libro impreso